Normal - Johnny Jane - Statistiques

Statistiques générales
  • Ce quiz a été pris 13 fois
  • Le résultat moyen est 253 sur 285
Statistiques - réponses
Réponse % Correct
a
100%
à
100%
avait
100%
bien
100%
ce
100%
c'est
100%
chose
100%
comme
100%
cristal
100%
de
100%
des
100%
dit
100%
et
100%
étrange
100%
étranges
100%
faire
100%
fête
100%
fete
100%
il
100%
J'
100%
j'
100%
je
100%
journées
100%
jours
100%
la
100%
ma
100%
mai
100%
mal
100%
me
100%
miroirs
100%
moi
100%
mois
100%
normal
100%
on
100%
parfaites
100%
pas
100%
pour
100%
pourtant
100%
que
100%
sais
100%
sentais
100%
seule
100%
un
100%
Y'
100%
arreterai
83%
autres
83%
avant
83%
bouts
83%
ça
83%
dans
83%
fuir
83%
ils
83%
j'ai
83%
j'arreterai
83%
j'sais
83%
j'suis
83%
j'trouve
83%
le
83%
les
83%
mais
83%
moi-même
83%
ne
83%
ou
83%
pareils
83%
part
83%
plus
83%
quelques
83%
qui
83%
quoi
83%
rien
83%
sont
83%
tête
83%
tous
83%
tout
83%
va
83%
aime
67%
air
67%
avec
67%
besoin
67%
bizarres
67%
changera
67%
croire
67%
danser
67%
démon
67%
dérange
67%
désordre
67%
dis-moi
67%
d'y
67%
en
67%
être
67%
eux
67%
fais
67%
finir
67%
j'me
67%
léger
67%
maitriser
67%
mentir
67%
m'fait
67%
monde
67%
petit
67%
puis
67%
quand
67%
regarde
67%
rêves
67%
semblant
67%
si
67%
sortir
67%
souvent
67%
tu
67%
voir
67%
vrai
67%
y'a
67%
bande
50%
évidemment
50%
fumée
50%
l'alcool
50%
noie
50%
parle
50%
pars
50%
personne
50%
sors
50%
toujours
50%
vapeurs
50%
jamais
33%
fuire
17%
Aucun quiz correspondant
Distribution des résultats
% des personnes avec chaque résultat
Percentile par nombre de réponses
Votre historique - résultats
Vous n’avez pas pris ce quiz